Catàleg del Col·legi de Periodistes de Catalunya

La Nació en portada : (Registre núm. 8008)

000 -CABECERA
Longitud fija campo de control 01227nam a2200349 i 4500
001 - NÚMERO DE CONTROL
Número de control 991054838829706706
003 - IDENTIFICADOR DEL NÚMERO DE CONTROL
Identificador del número de control OSt
005 - FECHA Y HORA DE LA ÚLTIMA TRANSACCIÓN
Fecha y hora de la última transacción 20241219182625.0
008 - CÓDIGOS DE INFORMACIÓN DE LONGITUD FIJA
Códigos de información de longitud fija 200313e202003 spca||| |||| 0|1 0 cat|c
015 ## - NÚMERO DE BIBLIOGRAFÍA NACIONAL
Número de bibliografía nacional LL2020
Fuente bnc
017 ## - NÚMERO DE COPYRIGHT O DE DEPÓSITO LEGAL
Número de copyright o de depósito legal DL B 542-2020
Agencia que asigna el número Biblioteca de Catalunya
020 ## - NÚMERO INTERNACIONAL NORMALIZADO PARA LIBROS
Número Internacional Normalizado para Libros (ISBN) 9788417909345
035 ## - NÚMERO DE CONTROL DEL SISTEMA
Número de control del sistema (ES-BaCBU).b73914356
035 ## - NÚMERO DE CONTROL DEL SISTEMA
Número de control del sistema (OCoLC)1224063153
040 ## - FUENTE DE LA CATALOGACIÓN
Centro catalogador de origen ES-BaBC
Lengua de catalogación cat
Normas de descripción rda
Centro transcriptor CDMR
043 ## - CÓDIGO DE ÁREA GEOGRÁFICA
Código de área geográfica e-sp---
Código local GAC e-spc--
Fuente del código local catmarc
080 ## - NÚMERO DE LA CLASIFICACIÓN DECIMAL UNIVERSAL
Número de la Clasificación Decimal Universal 323.17
Subdivisión auxiliar común (460.23)
-- "20"
Identificador de la edición 2004
080 ## - NÚMERO DE LA CLASIFICACIÓN DECIMAL UNIVERSAL
Número de la Clasificación Decimal Universal 070
Subdivisión auxiliar común (460.23)
-- "19/20"
Identificador de la edición 2004
080 ## - NÚMERO DE LA CLASIFICACIÓN DECIMAL UNIVERSAL
Número de la Clasificación Decimal Universal 070
Subdivisión auxiliar común (460)
-- "19/20"
Identificador de la edición 2004
080 ## - NÚMERO DE LA CLASIFICACIÓN DECIMAL UNIVERSAL
Número de la Clasificación Decimal Universal 327
Subdivisión auxiliar común (460.23:460)
Identificador de la edición 2004
080 ## - NÚMERO DE LA CLASIFICACIÓN DECIMAL UNIVERSAL
Número de la Clasificación Decimal Universal 32
Subdivisión auxiliar común (460.23)
-- "20"
Identificador de la edición 2004
100 1# - PUNTO DE ACCESO PRINCIPAL-NOMBRE DE PERSONA
Nombre de persona Bassas, Antoni
9 (RLIN) 771
245 13 - MENCIÓN DE TÍTULO
Título La Nació en portada :
Resto del título el debat de Catalunya i Espanya a la premsa /
Mención de responsabilidad, etc. Antoni Bassas
264 #1 - PRODUCCIÓN, PUBLICACIÓN , DISTRIBUCIÓN, FABRICACIÓN Y COPYRIGHT
Lugar de producción, publicación, distribución, fabricación [Barcelona] :
Nombre del productor, editor, distribuidor, fabricante Rosa dels Vents,
Fecha de de producción, publicación, distribución, fabricación o copyright 2020
300 ## - DESCRIPCIÓN FÍSICA
Extensión 133 pàgines :
Otras características físicas il·lustracions (algunes en color) ;
Dimensiones 23 cm
650 #7 - PUNTO DE ACCESO ADICIONAL DE MATERIA - TÉRMINO DE MATERIA
Término de materia o nombre geográfico como elemento inicial Independència
Subdivisión geográfica Catalunya
Subdivisión de materia general Història
Subdivisión cronológica S. XXI.
Fuente del encabezamiento o término lemac
650 #7 - PUNTO DE ACCESO ADICIONAL DE MATERIA - TÉRMINO DE MATERIA
Término de materia o nombre geográfico como elemento inicial Premsa
Subdivisión geográfica Catalunya
-- Història
Subdivisión cronológica S. XXI.
Fuente del encabezamiento o término lemac
907 ## - ELEMENTO G DATOS LOCALES, GDL (RLIN)
a .b73914356
b 21-06-21
c 13-03-20
d 13-03-20
e m
f a
g -
h cat
i spc
j 0
k 0
908 ## - CONTROL DE PARÁMETROS (RLIN)
Parametro de comando lanzado BC
-- UB
-- UAB
-- BAB
-- CLR
-- URV
940 ## -
T&íacute;tulo uniforme <a href="BC">BC</a>
942 ## - ENTRADA DE ELEMENTOS AGREGADOS (KOHA)
Fuente de clasificaión o esquema
Koha [por defecto] tipo de item Monografies
Fons
Suprimido Perdido Estropeado No para pr&eacute;stamo Localizaci&oacute;n permanente Localizaci&oacute;n actual Fecha adquisici&oacute;n Fuente de adquisici&oacute;n Coste, precio normal de compra Signatura completa C&oacute;digo de barras Fecha &uacute;ltima consulta Fecha del precio de reemplazo Tipo de item de Koha
        Centre de Documentació Montserrat Roig Centre de Documentació Montserrat Roig 2024-12-19 Donació 17.90 Du 9/67 CDMR22040007 2024-12-19 2024-12-19 Monografies

Implantat amb Koha